| 000 | 00844nam a2200229 i 4500 | ||
|---|---|---|---|
| 001 | 113538 | ||
| 003 | ES-MaACL | ||
| 005 | 20250815033446.0 | ||
| 007 | t| | ||
| 008 | 061121s1964 sp r ||||1| spa d | ||
| 100 | 1 |
_aPabón y Suárez de Urbina, Jesús, _d1902-1976 _988103 |
|
| 245 | 1 | 3 |
_aEl rey y la restauración / _cJesús Pabón. |
| 260 |
_aMadrid : _bConsejo Privado de S. A. R. el Conde de Barcelona, _c1964. |
||
| 300 |
_a74 p. ; _c19 cm. |
||
| 490 | 1 |
_aCuadernos de Política e Historia ; _v2 |
|
| 600 | 0 | 7 |
_aLuis _bXVIII, _cRey de Francia _2 _9148045 |
| 651 | 4 |
_aFrancia- _xHistoria- _y1814-1830, Restauración _98695 |
|
| 710 | 2 |
_aConsejo Privado de S.A.R. el Conde de Barcelona. _9134296 |
|
| 830 | 0 | 0 |
_aCuadernos de política e historia _v2 _9185734 |
| 852 |
_aES-MaACL _jC-25473 _bR.54279 |
||
| 999 |
_c113538 _d113538 |
||